000 00408nam a22001697a 4500
020 _a978-81-264-1984-5
082 _aM803
_bREK/P
100 _aRekha K
245 _aPrakashrajum njanum/
_cby Rekha K
260 _aKottayam:
_bD C Books,
_c2008.
300 _a71p.
650 _aMemoirs Rekha K
650 _aMemoirs Malayalam
650 _aLiterature Malayalam
650 _aLiterature
942 _cBK
999 _c53252
_d53252